Szczegóły MARC21

Historia filmu polskiego. T. 2, 1930-1939 /

003 -Nazwa inst., której nr kontr. jest w polu 001 [,]
    • @
    • Nazwa instytucji, której n kontrolny jest w polu 001
    • NUKAT
005 -DATA I CZAS OSTATNIEJ MODYFIKACJI [,]
    • @
    • pole kontrolne
    • 20241231113044.0
020 -Międzynarod. znormalizowany nr książki - ISBN [ , ]
    • a
    • Numer ISBN
    • 8322103743 Find
    • q
    • Dopowiedzenie
    • całość
020 -Międzynarod. znormalizowany nr książki - ISBN [ , ]
    • a
    • Numer ISBN
    • 8322103689 Find
    • q
    • Dopowiedzenie
    • t. 2
040 -Instytucja sporządzająca opis [ , ]
    • a
    • Instytucja, która sporządziła opis (NP)
    • TOR U/lf
    • c
    • Instytucja, która sporządziła rekord (NP)
    • TOR U/lf
    • d
    • Instytucja, która zmodyfikowała rekord (P)
    • TOR U/LF
    • d
    • Instytucja, która zmodyfikowała rekord (P)
    • LUBL M/KWs
942 -Rodzaj dokumentu [ , ]
    • c
    • Rodzaj dokumentu
    • Książka
100 -Hasło główne - nazwa osobowa [1, ]
    • a
    • Nazwa osobowa (NP)
    • Armatys, Barbara
    • d
    • Daty biograficzne (NP)
    • (1932-2012).
    • 9
    • KHW
    • 60992
245 -Strefa tytułu i oznaczenia odpowiedzialności [1,0]
    • a
    • Tytuł
    • Historia filmu polskiego. Find
    • n
    • Oznaczenie części (P)
    • T. 2,
    • p
    • Nazwa części (P)
    • 1930-1939 /
    • c
    • Pozostałe elementy strefy tytułu i oznaczenia odpowiedzialności (NP)
    • Barbara Armatys, Leszek Armatys, Wiesław Stradomski ; red. nauk. Jerzy Toeplitz ; Polska Akademia Nauk. Instytut Sztuki. Zakład Historii i Teorii Filmu.
260 -Strefa adresu wydawniczego [ , ]
    • a
    • Miejsce wydania (P)
    • Warszawa :
    • b
    • Nazwa wydawcy (P)
    • Wydawnictwa Artystyczne i Filmowe,
    • c
    • Data wydania (P)
    • 1988.
300 -Strefa opisu fizycznego [ , ]
    • a
    • Określenie formy książki i/lub objętość (NP)
    • 404, [1] s., [112] s. tabl. ;
    • c
    • Format (NP)
    • 25 cm.
336 -Typ zawartości [ , ]
    • a
    • Termin opisujący typ zawartości
    • Tekst
    • b
    • Kod określający zawartość
    • txt
    • 2
    • Źródło (terminu i kodu)
    • rdacontent
337 -Typ mediów [ , ]
    • a
    • Tryb odtwarzania
    • Bez urządzenia pośredniczącego
    • b
    • Kod typu mediów
    • n
    • 2
    • Źródło (terminu i kodu)
    • rdamedia
338 -Typ/rodzaj nośnika [ , ]
    • a
    • Hasło opisujące typ nośnika
    • Wolumin
    • b
    • Kod typu nośnika
    • nc
    • 2
    • Źródło (terminu i kodu)
    • rdacarrier
500 -Uwaga ogólna [ , ]
    • a
    • Uwaga ogólna (NP)
    • Aut. cz. 1: Władysław Banaszkiewicz, Witold Witczak.
504 -Uwaga dot. bibliogr. załącznikowej [ , ]
    • a
    • Uwaga dot. bibliografii załącznikowej
    • Bibliogr. s. 361-363. Indeksy.
080 -Uniwersalna Klasyfikacja Dziesiętna [ , ]
    • 2
    • Identyfikator wydania tablic
    • UDC-P058
    • 9
    • UKD
    • 48459
    • a
    • Symbol klasyfikacji
    • 791(438)(091)
    • b
    • Dopowiedzenie
    • Historia filmu polskiego.
    • 4
    • UKD2
    • 8230
    • x
    • Poddział wspólny
    • "19"
    • c
    • Dopowiedzenie poddz. wspólnego
    • Wiek XX.
    • 4
    • UKD2
    • 8144
    • x
    • Poddział wspólny
    • (084.1)
    • c
    • Dopowiedzenie poddz. wspólnego
    • (Przedstawienia obrazowe. Ilustracje. Albumy).
650 -Hasło przedmiotowe [ ,7]
    • a
    • Hasło przedmiotowe
    • Kino polskie
    • y
    • Określnik chronologiczny
    • 1929-1945
    • x
    • Określnik rzeczowy
    • historia i krytyka.
    • 2
    • Źródło terminu
    • kaba
    • 9
    • KHW
    • 354193
980 -Symbol UKD [ , ]
    • a
    • UKD
    • 791(438)(091)"19"(084.1)
700 -Hasło dodatkowe - nazwa osobowa [1, ]
    • a
    • Nazwa osobowa (NP)
    • Stradomski, Wiesław Find
    • d
    • Daty biograficzne (NP)
    • (1927-2012).
    • 9
    • KHW
    • 60994
700 -Hasło dodatkowe - nazwa osobowa [1, ]
    • a
    • Nazwa osobowa (NP)
    • Armatys, Leszek Find
    • d
    • Daty biograficzne (NP)
    • (1928-1979).
    • 9
    • KHW
    • 60993
700 -Hasło dodatkowe - nazwa osobowa [1, ]
    • a
    • Nazwa osobowa (NP)
    • Toeplitz, Jerzy Find
    • d
    • Daty biograficzne (NP)
    • (1909-1995).
    • e
    • Określenie rodzaju współpracy
    • Red.
    • 9
    • KHW
    • 47575
710 -Hasło dodatkowe - nazwa ciała zbiorowego [2, ]
    • a
    • Nazwa ciała zbiorowego lub nazwa geograficzna jako pierwszy element (NP)
    • Wydawnictwa Artystyczne i Filmowe.
    • 4
    • Kod relacji
    • pbl
    • 9
    • KHW
    • 55948
920 -ISBN [ , ]
    • a
    • ISBN
    • 83-221-0374-3 Find
    • q
    • Dopowiedzenie
    • całość
920 -ISBN [ , ]
    • a
    • ISBN
    • 83-221-0368-9 Find
    • q
    • Dopowiedzenie
    • t. 2
Numer inwentarzowy Sygnatura Status udost. Uwagi nie widoczne w OPAC Lokalizacja Data inwentaryzacji
W.155801W.155801-3retrokonwersjaBG
Z.72184 1retrokonwersjaBG
P.7783POL. Film polski 121retrokonwersjaBM